• 首页
  • 本馆介绍
  • 公告通知
  • 最新文献
  • 馆藏检索
  • 电子资源
  • 读者导购
  • 参考咨询
  • 我的图书馆
  • 登录
  • 详细信息显示
  • 放入我的书架
  • 预约/预借图书
  • 作者相关作品
  • 分类相关作品
  • 丛书相关作品
  • 出版社相关作品

书目信息

  • 表格格式
  • 工作单格式
  • 卡片格式
题名:
美味汤羮锅仔炖品
    
 
作者: 吴秋兴 主编 ;上海良安大饭店 编
分册:  
出版信息: 上海   上海科学技术文献出版社  2006
页数: 66页
开本: 19×21cm
丛书名: 大厨的手艺 百姓的口福
单 册:
中图分类: TS972.122
科图分类:
主题词: 汤菜--菜谱--中国--图集
电子资源:
ISBN: 7-5439-2729-2
000 00926oam2 2200253 450
001 012006003565
005 20061113084702.93
010    @a7-5439-2729-2@dCNY16.00
100    @a20060207d2006 em y0chiy0110 ea
101 0  @achi
102    @aCN@b310000
105    @aa z 000yy
200 1  @a美味汤羮锅仔炖品@9mei wei tang geng guo zai dun pin@f吴秋兴主编@g上海良安大饭店编
210    @a上海@c上海科学技术文献出版社@d2006
215    @a66页@c图@d19×21cm
225 2  @a大厨的手艺 百姓的口福
330    @a本书分为汤羮、锅仔炖品两部分,介绍了“番茄柠檬鱼片汤”、“一品鱼头汤”、“南瓜土鸡锅仔”、“一灌土鸡汤”等68例菜肴的材料、制作方法和特点。
461  0 @12001 @a大厨的手艺 百姓的口福
606 0  @a汤菜@x菜谱@y中国@j图集
690    @aTS972.122@v4
701  0 @a吴秋兴@9wu qiu xing@4主编
712 02 @a上海良安大饭店@9shang hai liang an da fan dian@4编
801  0 @aCN@bRENTIAN@c20061113
905    @a10447@dTS972.122@e156
    
    美味汤羮锅仔炖品/吴秋兴主编/上海良安大饭店编.-上海:上海科学技术文献出版社,2006
    66页:图;19×21cm.-(大厨的手艺 百姓的口福)
    
    
    ISBN 7-5439-2729-2:CNY16.00
    本书分为汤羮、锅仔炖品两部分,介绍了“番茄柠檬鱼片汤”、“一品鱼头汤”、“南瓜土鸡锅仔”、“一灌土鸡汤”等68例菜肴的材料、制作方法和特点。
●
相关链接 在E读中查询图书 在五车中查询图书 在当当中查询图书 在豆瓣中查询图书


正题名:美味汤羮锅仔炖品     索取号:TS972.122/156         预约/预借

序号 登录号 条形码 馆藏地/架位号 状态 备注
1 0384131   203841316   第二样本阅览室/ [索取号:TS972.122/156] 在馆    
2 0384132   203841325   第三借阅区/ [索取号:TS972.122/156] 在馆    
3 0384133   203841334   第三借阅区/ [索取号:TS972.122/156] 在馆    
4 0384134   203841343   第三借阅区/ [索取号:TS972.122/156] 在馆    
5 0384135   203841352   第三借阅区/ [索取号:TS972.122/156] 在馆    
唐山师范学院图书馆 欢迎您!
大连网信软件有限公司© 版权所有